| 000 | 00475nam a2200181Ia 4500 | ||
|---|---|---|---|
| 003 | LK-CoDNM | ||
| 008 | 010623t2009 xxu||||| |||| 00| 1 sin d | ||
| 040 |
_aLK-CoDNM _dLK-CoDNM _eLK-CoDNM |
||
| 041 | _asin | ||
| 080 |
_a82-92 _bBAN |
||
| 100 | _aBandara, Thimbiriyagama | ||
| 245 | _aබණ්ඩාගේ වාක්ය | ||
| 246 | _aBandage wakkiya | ||
| 260 |
_bPast publication _aColombo _c2009 |
||
| 300 | _b224, 21.5 cm | ||
| 650 | _aLiterature | ||
| 942 | _cBK | ||
| 999 |
_c128903 _d128903 |
||